000 00989pam a2200301 a 4500
001 4313475
003 OSt
005 20150408114127.0
008 870622m19889999nyua 001 0 eng
010 _a 87018633
020 _a9781259007927
040 _aMu-au
_cDLC
_dDLC
050 0 0 _aTA350
_b.B3552 1988
082 0 0 _a620.1
_219
100 1 _aBeer, Ferdinand Pierre,
_d1915-
_934418
245 1 0 _aVector mechanics for engineers Statics /
_c,ferdinand P. Beer, E. Russell Johnston, J, David F. Mazurek
250 _a10th ed.
260 _aNew York :
_bMcGraw-Hill,
_cc2010-
300 _a598 p. :
_bill. (some col.) ;
_c24 cm.
500 _aIncludes index.
505 1 _a[1] Statics
650 0 _aMechanics, Applied.
_95685
650 0 _aVector analysis.
_95928
650 0 _aMechanics, Applied
_xProblems, exercises, etc.
_934419
700 1 _aJohnston, E. Russell
_q(Elwood Russell),
_d1925-
_934420
906 _a7
_bcbc
_corignew
_d1
_eocip
_f19
_gy-gencatlg
942 _2ddc
_cBOOK
999 _c29110
_d263610